• 首页
  • 本馆介绍
  • 公告通知
  • 最新文献
  • 馆藏检索
  • 电子资源
  • 读者导购
  • 参考咨询
  • 我的图书馆
  • 登录
  • 详细信息显示
  • 放入我的书架
  • 预约/预借图书
  • 作者相关作品
  • 分类相关作品
  • 丛书相关作品
  • 出版社相关作品

书目信息

  • 表格格式
  • 工作单格式
  • 卡片格式
题名:
饮食业卫生160问
    
 
作者: 李宏海 主编
分册:  
出版信息: 长春   吉林人民出版社  2005
页数: 146页
开本: 20cm
丛书名: 《卫生防疫》从书
单 册:
中图分类: R155.6
科图分类:
主题词: 饮食业--卫生管理 , 食品卫生--卫生管理 , 饮食业 , 卫生管理 , 食品卫生
电子资源:
ISBN: 7-206-02798-9
000 00921oam2 2200313 45
001 0120066006006
005 20070709090348.93
010    @a7-206-02798-9@dCNY14.40
092    @aCN@b475172
100    @a20060531d2005 em y0chiy0120 ea
101 0  @achi
102    @aCN@b220000
105    @ay z 000yy
200 1  @a饮食业卫生160问@9yin shi ye wei sheng 160 wen@f李宏海[等]主编
205    @a2版
210    @a长春@c吉林人民出版社@d2005
215    @a146页@d20cm
225 2  @a《卫生防疫》从书@v7
330    @a本书以问答的形式,分九个部分介绍了饮食业卫生基本知识和要求,贴近饮食从业人员实际和群众生活等。
461  0 @12001 @a《卫生防疫》从书@v7
606 0  @a饮食业@x卫生管理
606 0  @a食品卫生@x卫生管理
606 0  @a饮食业
606 0  @a卫生管理
606 0  @a食品卫生
690    @aR155.6@v4
701  0 @a李宏海@9li hong hai@4主编
801  0 @aCN@bLZJBOOK@c20070709
905    @a10447@dR155.6@e73=2
    
    饮食业卫生160问/李宏海[等]主编.-2版.-长春:吉林人民出版社,2005
    146页;20cm.-(《卫生防疫》从书;7)
    
    
    ISBN 7-206-02798-9:CNY14.40
    本书以问答的形式,分九个部分介绍了饮食业卫生基本知识和要求,贴近饮食从业人员实际和群众生活等。
●
相关链接 在E读中查询图书 在五车中查询图书 在当当中查询图书 在豆瓣中查询图书


正题名:饮食业卫生160问     索取号:R155.6/73=2         预约/预借

序号 登录号 条形码 馆藏地/架位号 状态 备注
1 0560984   205609849   第二样本阅览室/ [索取号:R155.6/73=2] 在馆    
2 0560985   205609858   教育系资料室/ [索取号:R155.6/73=2] 在馆    
3 0560986   205609867   教育系资料室/ [索取号:R155.6/73=2] 在馆    
4 0560987   205609876   第三借阅区/ [索取号:R155.6/73=2] 在馆    
5 0560988   205609885   第三借阅区/ [索取号:R155.6/73=2] 在馆    
6 0560989   205609894   教育系资料室/ [索取号:R155.6/73=2] 在馆    
7 0560990   205609901   第三借阅区/ [索取号:R155.6/73=2] 在馆    
8 0560991   205609910   教育系资料室/ [索取号:R155.6/73=2] 在馆    
唐山师范学院图书馆 欢迎您!
大连网信软件有限公司© 版权所有